| 000 | 00718nam a2200205 a 4500 | ||
|---|---|---|---|
| 001 | 2188 | ||
| 005 | 20140414131921.0 | ||
| 008 | 010727s19uu xx 00 eng d | ||
| 020 | _a0-385-41325-4 | ||
| 050 |
_aER _bOn2 1991 |
||
| 100 | _aLewis, Shari | ||
| 245 |
_aOne-minute birthday stories / _cShari Lewis and Lan O'Kun ; illustrated by Richard Rehbein. |
||
| 260 |
_aNew York : _bA Doubleday Book For Young Readers, _c1991. |
||
| 300 | _a46 p. : ill. ; cm. | ||
| 520 | _aA collection of twenty stories about birthdays, designed to be read or told in a minute or less. | ||
| 650 |
_aBirthdays _xJuvenile literature. |
||
| 650 | _aChildren's stories, American. | ||
| 650 | _aShort stories. | ||
| 999 |
_c111770 _d111770 |
||